| 000 | 00808nam a2200193 a 4500 | ||
|---|---|---|---|
| 003 | 0 | ||
| 005 | 20250516150545.0 | ||
| 008 | 030519s19uu xx 00 eng d | ||
| 050 |
_aPHS HM 811 _b.S55 2003 |
||
| 100 | _aShin, Hye Won. | ||
| 245 |
_aThe Similarities and differences in the perceptions of Korean and Filipino teenagers on pre-marital sex and live-in relationships / _cHye Won Shin. |
||
| 260 |
_aLas PiƱas City, Philippines : _bSouthville International School and Colleges, _c2003. |
||
| 300 |
_a46 pages : _billustrations ; _c28 cm. |
||
| 504 | _aIncludes bibliographical references. | ||
| 650 |
_aSexual ethics for teenagers _xCross-cultural studies. |
||
| 650 |
_aPremarital sex _xSocial aspects _zPhilippines. |
||
| 650 |
_aPremarital sex _xSocial aspects _zKorea (South). |
||
| 942 |
_2lcc _cPASS |
||
| 999 |
_c96815 _d96815 |
||